LEADER 01294nam2-2200385---450- 001 990003568730203316 005 20111005122114.0 010 $a978-88-8422-939-7 035 $a000356873 035 $aUSA01000356873 035 $a(ALEPH)000356873USA01 035 $a000356873 100 $a20110926d2010----km-y0itay50------ba 101 0 $aita 102 $aIT 105 $a||||||||001yy 200 1 $aLineamenti della pianificazione strategica$fGiovanna Iacovone 205 $a2. ed 210 $aBari$cCacucci$d2010 215 $a255 p.$d25 cm 225 2 $aPubblicazioni della Facoltà giuridica dell'Università di Bari$v159 410 0$1001000312210$12001$aPubblicazioni della Facoltà giuridica dell'Università di Bari$v, 159 606 0 $aAmministrazione pubblica$xServizi$xPianificazione$yItalia$2BNCF 676 $a352.34 700 1$aIACOVONE,$bGiovanna$0604891 801 0$aIT$bsalbc$gISBD 912 $a990003568730203316 951 $aXXX.A. Coll. 132/ 111$b69822 G.$cXXX.A. Coll. 132/$d00299472 959 $aBK 969 $aGIU 979 $aIANNONE$b90$c20110926$lUSA01$h1050 979 $aIANNONE$b90$c20110926$lUSA01$h1052 979 $aIANNONE$b90$c20111005$lUSA01$h1221 996 $aLineamenti della pianificazione strategica$91115736 997 $aUNISA LEADER 01055nam a22002651i 4500 001 991003662119707536 005 20030915151644.0 008 031111s1990 uika||||||||||||||||eng 020 $a0415000521 035 $ab1245798x-39ule_inst 035 $aARCHE-049127$9ExL 040 $aDip.to Lingue$bita$cA.t.i. Arché s.c.r.l. Pandora Sicilia s.r.l. 082 04$a820.9928 100 1 $aClarke, Norma$0456899 245 10$aAmbitious heights :$bwriting, friendship, love : the Jewsbury sisters, Felicia Hemans, and Jane Welsh Carlyle /$cNorma Clarke 260 $aLondon ;$aNew York :$bRoutledge,$c1990 300 $aX, 245 p. :$bill. ;$c24 cm 650 4$aDonna nella letteratura inglese$ySec. 19. 650 4$aScrittrici inglesi$ySec. 19. 907 $a.b1245798x$b02-04-14$c13-11-03 912 $a991003662119707536 945 $aLE012 820.992 87 CLA$g1$i2012000149878$lle012$o-$pE0.00$q-$rl$s- $t0$u0$v0$w0$x0$y.i1288733x$z13-11-03 996 $aAmbitious heights$9179272 997 $aUNISALENTO 998 $ale012$b13-11-03$cm$da $e-$feng$guik$h0$i1